Devinez la Capitale Mystère #177 - Statistiques

Statistiques générales
  • Ce quiz a été pris 69 fois
  • Le résultat moyen est 31 sur 35
Statistiques - réponses
Type de Réponse Réponse % Correct
Lettre Trouvée A
100%
Lettre de l'Alphabet I
100%
Lettre de l'Alphabet R
100%
Lettre Trouvée B
98%
Lettre Trouvée E
98%
Lettre de l'Alphabet L
98%
Lettre de l'Alphabet N
98%
Lettre de l'Alphabet O
98%
Lettre Trouvée P
98%
Lettre Trouvée S
98%
Lettre Trouvée D
95%
Lettre de l'Alphabet G
95%
Lettre Trouvée T
93%
Lettre de l'Alphabet M
92%
Lettre Bien Placée A
90%
Lettre Bien Placée B
90%
Lettre Trouvée U
90%
Lettre de l'Alphabet C
89%
Lettre de l'Alphabet K
89%
Lettre de l'Alphabet H
87%
Lettre Bien Placée E
85%
Lettre Bien Placée T
85%
Lettre de l'Alphabet W
85%
Lettre de l'Alphabet Y
85%
Lettre Bien Placée S
84%
Lettre de l'Alphabet V
84%
Lettre Bien Placée D
82%
Lettre de l'Alphabet J
82%
Lettre de l'Alphabet Z
82%
Lettre Bien Placée U
80%
Lettre de l'Alphabet X
80%
Capitale Mystère Budapest
77%
Lettre de l'Alphabet F
77%
Lettre Bien Placée P
77%
Lettre de l'Alphabet Q
77%
Aucun quiz correspondant
Distribution des résultats
% des personnes avec chaque résultat
Percentile par nombre de réponses
Votre historique - résultats
Vous n’avez pas pris ce quiz